| 000 | 00555 a2200169 4500 | ||
|---|---|---|---|
| 003 | Nust | ||
| 005 | 20230331095003.0 | ||
| 040 | _cNust | ||
| 082 | _a810,MCC | ||
| 100 |
_aMcCullers, Carson _9111634 |
||
| 245 |
_aAmerican accent / _cCarson McCullers, |
||
| 260 |
_aBallantine Books _bUSA _c1978 |
||
| 300 | _a193 p | ||
| 505 | _aLetters to A Young Writer I (Page-1), Letters to A Young Writer II (Page-65), Letters to A Young Writer III (Page-111), Letters to A Young Writer IV (Page-193). | ||
| 650 |
_aThe memory _9111635 |
||
| 942 |
_2ddc _cBK _k810,MCC |
||
| 999 |
_c190502 _d190502 |
||